Score 0/20 Timer 20:00
0 Plays Today
Our Book Real Book % Correct
Nifty Grades or PayFifty Shades of Grey
93.3%
The Shaming of the Crew The Taming of the Shrew
86.7%
Stacey Shrugged Atlas Shrugged
80%
The SOT Also SurprisesThe Sun Also Rises
73.3%
Around the Station in a Weighty Haze Around the World in Eighty Days
66.7%
The Health of (the) Station The Wealth of Nations
60%
Beg an end to Sleepy Hauger The Legend of Sleepy Hollow
60%
Tuesdays: No Story tuesdays with Morrie
60%
Are you there, Rod? It's me, McMillen. (Hint: Both books address puberty)Are you there, God? It's me, Margaret.
60%
*The Greeley, the Matty-J, and Angie's Clothing The Lion, the Witch and the Wardrobe
60%
Our Book Real Book % Correct
Kenton the Big White FOG Clifford, the Big Red Dog
60%
Good Write Yun (Yuqing) !! Goodnight Moon
46.7%
*Quick instructions to Sabrina H. for Breaking News in Boonville ( Hint: W_ _T_ _RD - _O! ) Westward Ho!
40%
The (News is) House(d) at Pooh CORNfieldThe House at Pooh Corner
33.3%
*Kent and the Ocean of BSThe Old Man and the Sea
33.3%
The SOT in a HurryThe Sound and the Fury
33.3%
Gary Sad at Shaky CAM, her Tease excited the show Mary had a Little Lamb, her Fleece was white as snow
26.7%
Caught Her Slouch'n LIVE Slaughterhouse-Five
26.7%
The Shells & Cheese Habit The Velveteen Rabbit
26.7%
Perry Not Sane / Stable Anne of Green Gables
13.3%

You're not logged in!

Compare scores with friends on all Sporcle quizzes.
OR
Log In

Sporcle TV

Today on Sporcle TV


Watch our educational content, quiz creation guides, and fun videos on Sporcle TV.

Show Comments

Extras

Created Nov 3, 2013ReportNominate

Top Quizzes Today


Score Distribution

Paid Content

Your Account Isn't Verified!

In order to create a playlist on Sporcle, you need to verify the email address you used during registration. Go to your Sporcle Settings to finish the process.

Report this User

Report this user for behavior that violates our Community Guidelines.

Details: